000 01008cam a2200241 4500
001 ##L135057
008 060921n2005 000 0 eng u
020 _a1852811951
035 _a(Sirsi) u135057
041 0 _aeng
050 0 4 _a711.1 $2 18
100 1 _aHakes, Peter
245 0 4 _aThe Essex guide to environmental impact assessment
250 _a6th ed.
260 _a[Chelmsford]
_bEssex County Council
_c2005
300 _ax, [228]p.
_c30cm.
350 _a30
520 _aAimed at developers, planning officers, the general public and students, this publication offers guidance on all aspects of Environmental Impact Assessment (EIA). Looks at what EIA involves, when it is required, the regulations affecting EIA, the preparation of an environmental statement, and the relationship with the planning system.
590 _aIKA031006
651 4 _aEngland and Wales
_y1543-
690 _aENVIRONMENTAL AND LAND CONSULTANCY-ENVIRONMENTAL MANAGEMENT-ENVIRONMENTAL ASSESSMENT
942 _n0
999 _c105895
_d105895